Á lódáil...
History of seience in the ninteenth century /
| Príomhúdar: | |
|---|---|
| Údair Eile: | |
| Teanga: | Undetermined |
| Foilsithe: |
Hyderabad :
University press ,
1999.
|
| LEADER | 00480nam a2200145Ia 4500 | ||
|---|---|---|---|
| 001 | 127209 | ||
| 008 | 170722s9999 xx 000 0 und d | ||
| 100 | |a Spangenburg, Ray | ||
| 245 | |a History of seience in the ninteenth century / | ||
| 260 | |a Hyderabad : |b University press , |c 1999. | ||
| 300 | |a 142 p. | ||
| 700 | |a Moser, Dianek | ||
| 942 | |c GEN | ||
| 999 | |c 119506 |d 119506 | ||
| 952 | |0 0 |1 0 |4 0 |6 AV__M_N9 |7 0 |9 169075 |a LIB |b LIB |d 2017-08-12 |l 2 |o Av.M N9 |p 234772 |r 2018-05-24 |s 2018-02-04 |w 2017-08-12 |y GEN | ||